| 000 | 00604nam a2200181 a 4500 | ||
|---|---|---|---|
| 005 | 20210223121121.0 | ||
| 008 | 991125s1992 mx 000 0 spa u | ||
| 020 | _a9688058025 | ||
| 035 | _aUPN01000012576 | ||
| 049 | _aCG | ||
| 050 | 4 |
_aKGC1211 _bM4.2 |
|
| 110 | 2 |
_aComisión Nacional de Derechos Humanos (México) _927969 |
|
| 245 | 1 | 0 |
_aCuarto informe semestral : _bdiciembre de 1991 - junio de 1992 / _cComisión Nacional de Derechos Humanos. |
| 260 |
_aMéxico : _bCNDH, _c1992. |
||
| 300 | _a213 p. | ||
| 610 | 1 | 4 |
_aMEXICO. _bCOMISION NACIONAL DE DERECHOS HUMANOS - _vINFORMES _910684 |
| 905 | _aLibro | ||
| 999 |
_c12576 _d12576 |
||